| 000 | 00806nam0a2200265 4500 | ||
|---|---|---|---|
| 001 | RU\NLR\bibl\832768 | ||
| 005 | 20250614142226.0 | ||
| 010 |
_a5-486-00046-4 _98000 |
||
| 021 |
_aRU _b2005-39275 _91954 |
||
| 035 | _a(NLR Aleph) 000821629 | ||
| 090 |
_a1304843 _c1304843 |
||
| 100 | _a20050819d2005 |||y0rusy50 ca | ||
| 101 | 1 |
_arus _ceng |
|
| 102 | _aRU | ||
| 105 | _ay ||||||||| | ||
| 200 | 1 |
_aВ плену проклятия _e[роман] _fЭд Горман _g[пер. с англ. С.Д. Тузовой] |
|
| 210 |
_aМосква _cМир книги _d2005 |
||
| 215 |
_a302,[1] с. _d21 |
||
| 686 | _aШ6(7США)67-446{Лх1979-60} | ||
| 700 | 1 |
_aГорман _bЭ. _gЭд _4070 |
|
| 801 | 0 |
_aRU _bNLR _c20050819 _grcr |
|
| 801 | 1 |
_aRU _bNLR _c20050819 |
|
| 942 | _cBOOK | ||
| 980 | _aNB | ||